000 00796nam a2200217Ii 4500
003 JO-AjNU
008 230605s9999||||xx |||||||||||||| ||und||
017 _a2001/11/2301
040 _aJO-AjNU
_bara
_erda
_cJO-AjNU
041 _aara
050 1 4 _aPJ7533.A27.Z67 2002
100 3 _aالمشايخ، أمل,
_eauthor
_945413
245 0 0 _aأبو هلال العسكري ناقدا
264 3 1 _aعمان: وزارة الثقافة، 2001
300 _a313ص
336 _atext
_btxt
_2rdacontent
337 _aunmediated
_bn
_2rdamedia
338 _avolume
_bnc
_2rdacarrier
490 0 _aسلسلة كتب ثقافية تصدرها وزارة الثقافة المملكة الأردنية الهاشمية 2002
650 4 _aالأدباء العرب - نقد أدبي - تراجم
_945414
999 _aA19683
_c23251
_d23251